Text Book Of Applied Science I (Record no. 164549)
[ view plain ]
| 000 -LEADER | |
|---|---|
| fixed length control field | 00466nam a2200181Ia 4500 |
| 008 - FIXED-LENGTH DATA ELEMENTS--GENERAL INFORMATION | |
| fixed length control field | 230612s9999 xx 000 0 und d |
| 041 ## - LANGUAGE CODE | |
| Language code of text/sound track or separate title | eng |
| 082 ## - DEWEY DECIMAL CLASSIFICATION NUMBER | |
| Classification number | 600 WAH |
| 100 ## - MAIN ENTRY--PERSONAL NAME | |
| Personal name | Wahegaonkar L D |
| 245 ## - TITLE STATEMENT | |
| Title | Text Book Of Applied Science I |
| 260 ## - PUBLICATION, DISTRIBUTION, ETC. (IMPRINT) | |
| Date of publication, distribution, etc. | 1991 |
| Name of publisher, distributor, etc. | Nirali Prakashan |
| 300 ## - PHYSICAL DESCRIPTION | |
| Extent | 210 |
| 365 ## - TRADE PRICE | |
| Currency code | Rs. |
| Price amount | 65.00 |
| 500 ## - GENERAL NOTE | |
| Keywords | W. 2003-04 |
| 700 ## - ADDED ENTRY--PERSONAL NAME | |
| Personal name | Wahegaonkar L. D. & Others |
| 906 ## - LOCAL DATA ELEMENT F, LDF (RLIN) | |
| d | B:69725-Oct-1991 |
| c | ALLEDS |
| b | 13 |
| Withdrawn status | Lost status | Damaged status | Not for loan | Home library | Current library | Date acquired | Vendor | Budget Code | Cost, normal purchase price | Bill number | Full call number | Barcode | Date last seen | Discount | Cost, replacement price | Bill Date | Koha item type | Original Barcode |
|---|---|---|---|---|---|---|---|---|---|---|---|---|---|---|---|---|---|---|
| Withdrawn | Cummins College of Engineering for Women Pune | Cummins College of Engineering for Women Pune | 26/10/1991 | Pragati Agencies | ALLEDS | 52.00 | 697 | 600 WAH | CCEP-BK-266 | 12/06/2023 | 13 | 65.00 | 25/10/1991 | Books | 000266 |